Narodowe sporty różnych państw - Statystyki

Ogólne statystyki
  • Ten quiz został rozwiązany 100 razy
  • Średni wynik to 8 z 15
Statystyki odpowiedzi
Państwo Sport narodowy % Poprawnych
Rosja Hokej / Piłka nożna
100%
Ukraina Piłka nożna
100%
Włochy Piłka nożna
100%
Polska Siatkówka
93%
Kanada Hokej / Lacrosse
88%
Litwa Koszykówka
85%
Nowa Zelandia Rugby
65%
Wielka Brytania Krykiet
60%
Stany Zjednoczone Futbol Amerykański
57%
Chiny Tenis stołowy
42%
Norwegia Biegi narciarskie
29%
Irlandia Hurling
1%
Estonia Kiiking
1%
Meksyk Korrida
0%
Łotwa Novuss
0%
Nie znaleziono quizów pasujących do podanych kryteriów
Rozkład punktacji
Procent ludzi z każdym wynikiem
Percentyl według liczby udzielonych odpowiedzi
Twoja historia wyników
Nie rozwiązałeś tego quizu